1139 1650 1358 1927 1507 1875 1108 1114 1228 1978 1260 1820 1476 1444 1856 1076 1987 1815 1230 1244 1088 1918 1605 1643 1220 1655 1359 1797 1095 1508 1261 1945 1310 1592 1500 1278 1957 1785 1227 1395 1048 1929 1525 1243 1965 1570 1335 1474 1273 1185 1904 1362 1659 1422 1575 1334 1868 1030 1988 1011 1024 1178 1095 1004 1719 1143 1654 1483 1653 1199 1721 1851 1797 1981 1155 1736 1572 1539 1568 1037 1733 1910 1687 1699 1296 1568 1432 1606 1301 1011 1578 1636 1663 1819 1719 1518 1037 1838 1820 BCNSPRNW ULIB Ver.6.0+V

เปลี่ยนเป็นภาษาไทย

Change to English
 แสดงรายละเอียดบรรณานุกรม
  กลับหน้าหลัก

Brief Record : Get Marc (ISO 2709) : E-mail record : QR code < ปิดหน้าต่าง
LEADER : 00000nam 2200000uu 4500
001    13399121148
003     ULIB
008    121107s2549||||th 000 0 tha d
050  4 ^aLG^bl14พ
100 0  ^aกระทรวงสาธารณสุข
245 00 ^aพิธีพระราชทานปริญญาบัตรบัณฑิตของสถาบันสมทบ ม.มหิดล, ม.เชียงใหม่, ม.ขอนแก่น, ม.สงขลา,และประกาศนียบัตร/^bกระทรวงสาธารณสุข
250    ^aพิมพ์ครั้งที่ 2.
260    ^aกรุงเทพฯ :^bกระทรวงสาธารณสุข^c2549
300    ^a268 หน้า
650  7 ^aพิธีรับปริญาบัตร
913    ^a-
945    ^p0^l0^i24531
945    ^p0^l0^i24532
945    ^p0^l0^i24533
945    ^p0^l0^i24534
999    ^aวิภา
รายการนี้ยังไม่มีแท็ก
คุณยังไม่ได้ล็อกอิน คุณสามารถมีกิจกรรมร่วมกับเว็บไซต์ได้ แต่ต้องล็อกอินก่อน ::
  ล็อกอิน

รายการสื่อสารสนเทศ

ลำดับที่ ประเภท เลขเรียก/บาร์โค้ด สถานที่ สถานะ
1. วิทยาศาสตร์การแพทย์ และสุขภาพ
วิทยาศาสตร์การแพทย์ และสุขภาพ
LG l14พ  
  Barcode: 24531
ห้องสมุดวิทยาเขตสวรรค์ประชารักษ์
►หนังสือทั่วไป
บนชั้น
2. วิทยาศาสตร์การแพทย์ และสุขภาพ
วิทยาศาสตร์การแพทย์ และสุขภาพ
LG l14พ ฉ.2 
  Barcode: 24532
ห้องสมุดวิทยาเขตสวรรค์ประชารักษ์
►หนังสือทั่วไป
บนชั้น
3. วิทยาศาสตร์การแพทย์ และสุขภาพ
วิทยาศาสตร์การแพทย์ และสุขภาพ
LG l14พ ฉ.3 
  Barcode: 24533
ห้องสมุดวิทยาเขตสวรรค์ประชารักษ์
►หนังสือทั่วไป
บนชั้น
4. วิทยาศาสตร์การแพทย์ และสุขภาพ
วิทยาศาสตร์การแพทย์ และสุขภาพ
LG l14พ ฉ.4 
  Barcode: 24534
ห้องสมุดวิทยาเขตสวรรค์ประชารักษ์
►หนังสือทั่วไป
บนชั้น

รายการใกล้เคียง
    ผู้แต่ง [กระทรวงสาธารณสุข]

BibComment


ยังไม่เคยถูกคอมเมนท์

คอมเมนท์ทรัพยากรรายการนี้
  คอมเมนท์: พิธีพระราชทานปริ..


 Copyright 2026. Bcnsprnw @Library